000 00334nam a22001577a 4500
003 SGT
020 _a9780414047990
082 _a346.42022,CHI
100 _aCHITTY, JOSEPH,
245 _aCHITTY ON CONTRACTS
250 _a21ST
260 _aLONDON
_bSWEET & MAXWELL
_c2012
300 _a2480
650 _aCONTRACT
942 _2ddc
_cBK
999 _c9547
_d9547